LEADER 01106nam a2200265 4500 001 000000354834 003 CaOOAMICUS 005 20230802170551.0 008 230802s1993 it a 000 u ita r 020 $a88-86044-09-7 040 $aSeMil$bita 100 1 $aArcidiacono, Giuseppe,$d<1927-1998>.$0(OLS)http://semarc/name/117807 245 10$aSpazio, iperspazi, frattali :$bil magico mondo della geometria /$cGiuseppe Arcidiacono. 264 1$aRoma :$bDi Renzo,$c1993. 300 $a183 p. :$bill. ;$c21 cm 490 1 $aArcobaleno ;$v7 650 4$aGeometria.$0(OLS)http://semarc/subject/12189 830 0$aArcobaleno ;$v7.$0(OLS)http://semarc/title/6837 850 $aSeMil 852 $aSeMil$W1$xVenegono$y1$m3X II 248$j242773$B246127$CSeMilBibl$Z2$F246127 $81 961 $aPolezzo Stefanin - Lascito 996 $6020$a88-86044-09-7$9(OLS)http://semarc/number/298585 996 $6245$aSpazio, iperspazi, frattali :$bil magico mondo della geometria$9(OLS)http://semarc/title/444998 996 $6264$aRoma :$bDi Renzo$9(OLS)http://semarc/publisher/60170 LEADER 01022nam a2200217 i 4500 001 000000062173 003 CaOOAMICUS 005 20131030000000.0 008 131030s1758 xx u000 u lat u 013 $a33345 026 $ad.e- 5.o- a-r- veme (3) 1758 (R) 040 $aSeMil$bita 245 10$aTomus secundus. De conscientia, et probabilismo. 300 $aXIX, [1], 487, [1] p. 500 $aSegn. : a10 A-2F8 2G-2I4. 650 4$aTeologia morale - Probabilismo.$0(OLS)http://semarc/subject/10141 650 4$aCoscienza.$0(OLS)http://semarc/subject/441 773 0 $aConcina, Daniele $tAd theologiam christianam dogmatico-moralem apparatus auctore F. Daniele Concina ordinis praedicatorum. Tomus 1. [-10.].$bEditio tertia.$dRomae : prostant venales Venetiis : Apud Simonem Occhi, 1758.$g2$w()9665 850 $aSeMil 852 $aSeMil$W1$xVenegono$y1$m2L III 68 FA$j28326$B28326$CSeMilBibl$Z2$F28329 $8I 996 $6245$aTomus secundus. De conscientia, et probabilismo$9(OLS)http://semarc/title/97837